000 00459nam a2200181Ia 4500
001 21051
005 20260306172851.0
008 260306t2014||||xx |||||||||||||| ||spa||
041 _aESP
082 _a344
_bJ44 V. 2
100 _aJescheck, Hans-Heinrich
_eAUT
245 0 _aTratado de derecho penal:
_bparte general
260 _c2014
300 _axxxvii, 718 - 1440 páginas :
_c25 cm.
650 _aGEN
654 _aCDE
942 _cLIB
_dJUS
_fJUS
_2ddc
_n
999 _c21051
_d21051